Filmographie de Josiane Balasko - Statistiques

Statistiques générales
  • Ce quiz a été pris 25 fois
  • Le résultat moyen est 9 sur 95
Statistiques - réponses
Réponse % Correct
Les Bronzés
95%
Les Bronzés font du ski
95%
Le père Noël est une ordure
71%
Les Bronzés 3 : Amis pour la vie
67%
Gazon maudit
62%
Papy fait de la résistance
38%
Retour chez ma mère
38%
Le Hérisson
33%
Nuit d'ivresse
33%
Les hommes préfèrent les grosses
29%
Trop belle pour toi
24%
Grosse fatigue
19%
Joséphine s'arrondit
14%
L'Auberge rouge
14%
Le Maître d'école
14%
Les Keufs
14%
Mes très chers enfants
14%
Sac de noeuds
14%
Un crime au Paradis
14%
Beaux-parents
10%
Demi-soeur
10%
Grâce à Dieu
10%
Le Grand Partage
10%
Maman
10%
Ma vie est un enfer
10%
Nous irons tous au paradis
10%
Tout le monde n'a pas eu la chance d'avoir des parents communistes
10%
Un tour chez ma fille
10%
Absolument fabuleux
5%
All Inclusive
5%
Arlette
5%
Beur sur la ville
5%
C'est la vie
5%
Cliente
5%
Hôtel des Amériques
5%
L'An 01
5%
L'Animal
5%
La Smala
5%
La Vengeance du serpent à plumes
5%
Le Fils du Français
5%
Les Acteurs
5%
Les nouvelles aventures de Cendrillon
5%
Neuilly sa mère !
5%
Neuilly sa mère, sa mère !
5%
Un éléphant ça trompe énormément
5%
Arrête ton cinéma !
0%
Bancs publics (Versailles Rive-Droite)
0%
Bécassine !
0%
Captives
0%
Cette femme-là
0%
Clara et les Chics Types
0%
Des mains en or
0%
Didier
0%
Dites-lui que je l'aime
0%
Holiday
0%
J'ai perdu Albert
0%
J'ai vu tuer Ben Barka
0%
La Clef
0%
La Coccinelle à Monte-Carlo
0%
La Pièce rapportée
0%
La Tortue sur le dos
0%
La vie est à nous !
0%
Le Libertin
0%
Le Locataire
0%
Le Raid
0%
Les Envoutés
0%
Les Frères Pétard
0%
Les Gazelles
0%
Les héros n'ont pas froid aux oreilles
0%
Les Petits Câlins
0%
L'Esprit de famille
0%
Les Secrets professionnels du Dr Apfelglück
0%
L'Ex-femme de ma vie
0%
L'Intervention
0%
L'Ombre du doute
0%
Madame Édouard
0%
Mes héros
0%
Monsieur Papa
0%
Musée haut, musée bas
0%
Pauline et l'Ordinateur
0%
P'tit Con
0%
Ruby Blue
0%
Sans peur et sans reproche
0%
Signes extérieurs de richesse
0%
Si vous n'aimez pas ça, n'en dégoûtez pas les autres
0%
Sport de filles
0%
Tralala
0%
Tranches de vie
0%
Un beau soleil intérieur
0%
Une fille unique
0%
Une nuit à l'Assemblée Nationale
0%
Un grand cri d'amour
0%
Un heureux événement
0%
Volontaire
0%
Vous êtes jeunes, vous êtes beaux
0%
Aucun quiz correspondant
Distribution des résultats
% des personnes avec chaque résultat
Percentile par nombre de réponses
Votre historique - résultats
Vous n’avez pas pris ce quiz